Statystyki dla Kierowcy F1 2017

Kliknij tutaj aby rozwiązać quiz!

Ogólne statystyki

  • Ten quiz został rozwiązany 44 razy
  • Średni wynik to 19 z 26

Statystyki odpowiedzi

ZespółKierowca% Poprawnych
Kimi Raikkonen
100%
Mercedes AMG Petronas MotorsportLewis Hamilton
100%
Scuderia FerrariSebastian Vettel
100%
Valtteri Bottas
100%
McLaren Honda Formula 1 TeamFernando Alonso
97%
Max Verstappen
97%
Sahara Force India F1 TeamSergio Perez
97%
Red Bull RacingDaniel Ricciardo
91%
Renault Sport Formula One TeamNico Hulkenberg
89%
Haas F1 TeamRomain Grosjean
89%
Scuderia Toro RossoDaniil Kvyat
86%
Kevin Magnussen
86%
Carlos Sainz
83%
Carlos Sainz
83%
Lance Stroll
83%
Pierre Gasly
83%
Esteban Ocon
80%
Williams Martini RacingFelipe Massa
71%
Sauber F1 TeamMarcus Ericsson
71%
Stoffel Vandoorne
60%
Jenson Button
49%
Brendon Hartley
43%
Jolyon Palmer
34%
Pascal Wehrlein
34%
Antonio Giovinazzi
20%
Paul di Resta
20%

Rozkład punktacji

Percentyl według liczby udzielonych odpowiedzi

Procent ludzi z każdym wynikiem

Twoja historia wyników

Nie rozwiązałeś tego quizu